Statistics for Minnesota Vikings: Pro Bowl Selections

Click here to take the quiz!

General Stats

  • This quiz has been taken 140 times
    (85 since last reset)
  • The average score is 35 of 98

Answer Stats

Position Amount of Selections Player % Correct
RB7Adrian Peterson
97%
QB1Kirk Cousins
93%
WR5Randy Moss
92%
WR3Anthony Carter
86%
WR8Cris Carter
86%
QB3Daunte Culpepper
85%
WR2Adam Thielen
85%
QB5Fran Tarkenton
80%
RB1Dalvin Cook
78%
TE2Kyle Rudolph
76%
DT9Alan Page
73%
RB2Robert Smith
69%
DE2Danielle Hunter
69%
CB3Xavier Rhodes
69%
CB5Harrison Smith
69%
QB1Brett Favre
69%
DE4Everson Griffin
66%
LB1Eric Kendricks
63%
DE4Jared Allen
63%
LB4Anthony Barr
63%
QB1Randall Cunningham
61%
FB1C.J. Ham
61%
QB1Teddy Bridgewater
59%
DT6Kevin Williams
56%
DT3Pat Williams
56%
K1Gary Anderson
56%
G4Steve Hutchinson
51%
DT6John Randle
49%
DE2Jim Marshall
46%
QB2Warren Moon
46%
K1Blair Walsh
44%
DT2Linval Joseph
42%
RB4Bill Brown
42%
CB3Antoine Winfield
42%
QB1Tommy Kramer
41%
RB5Chuck Foreman
41%
C6Matt Birk
39%
WR1Sidney Rice
37%
LB2Chad Greenway
37%
TE6Steve Jordan
36%
G11Randall McDaniel
36%
LB1Ed McDaniel
36%
DE6Carl Eller
36%
WR1Percy Harvin
34%
DE6Chris Doleman
34%
WR4Ahmad Rashad
34%
QB1Wade Wilson
34%
CB6Paul Krause
34%
T4Gary Zimmerman
32%
RB1Michael Bennett
31%
QB1Joe Kapp
29%
G3Ed White
27%
T1Matt Kalil
27%
WR1Koren Robinson
27%
WR2Sammy White
27%
C6Mick Tingelhoff
25%
DT2Henry Thomas
25%
WR2Cordarrelle Patterson
25%
T7Ron Yary
25%
FB1Tony Richardson
22%
T1Korey Stringer
22%
LB1E.J. Henderson
20%
K1Jan Stenerud
20%
LB6Matt Blair
19%
DT2Keith Millard
19%
CB2Darren Sharper
19%
CB6Joey Browner
17%
WR2Gene Washington
17%
CB3Carl Lee
15%
RB1Jerome Felton
15%
RB3Tommy Mason
15%
P1Mitch Berger
15%
K1Fred Cox
14%
T1Bryant McKinnie
14%
LB4Scott Studwell
14%
CB2Bobby Bryant
10%
CB1Robert Griffith
10%
DT2Gary Larsen
10%
K1Fuad Reveiz
10%
T2Todd Steussie
8%
LB1Jack Del Rio
8%
TE1Joe Senser
8%
C2Jeff Christy
7%
WR4John Gilliam
7%
T6Grady Alderman
7%
CB1Corey Chavous
7%
TE1Byron Chamberlain
5%
RB1Dave Osborn
5%
G1Milt Sunde
5%
CB1Todd Scott
5%
WR1Bob Grim
3%
CB1Audray McMillian
3%
CB1Karl Kassulke
3%
RB1Hugh McElhenny
3%
WR1Paul Flatley
3%
DE1Jerry Reichow
3%
LB1Rip Hawkins
3%
LB1Heath Farwell
2%

Score Distribution

Percentile by Number Answered

Percent of People with Each Score

Your Score History

You have not taken this quiz since the last reset